[Event "Cap d'Agde Avenir op"]
[Site "Cap d'Agde"]
[Date "2003.10.29"]
[Round "8"]
[White "Faure, Lionel"]
[Black "Serre, Christian"]
[Result "1-0"]
[WhiteElo "1950"]
[BlackElo "1640"]
[PlyCount "81"]
[EventDate "2003.10.24"]
[EventType "swiss"]
[EventRounds "9"]
[EventCountry "FRA"]
[SourceTitle "EXT 2005"]
[Source "ChessBase"]
[SourceDate "2004.11.15"]
[SourceVersion "1"]
[SourceVersionDate "2004.11.15"]
[SourceQuality "1"]

1. e4 e5 2. Bc4 Nf6 3. d3 Nc6 4. a3 Be7 5. Be3 d5 6. exd5 Nxd5 7. Qf3 Be6 8. Nd2 0-0 9. Qe2 Nxe3 10. fxe3 Qd7 11. Bb3 Bxb3 12. Nxb3 Rad8 13. 0-0-0 a5 14. h4 a4 15. Na1 b5 16. c3 Qd5 17. Kb1 Na5 18. e4 Qe6 19. Nf3 Nb3 20. Ng5 Qg6 21. Nxb3 axb3 22. Nf3 Qa6 23. d4 exd4 24. Nxd4 c6 25. Nxb3 Qb6 26. Nd4 Rfe8 27. Qg4 Bf6 28. h5 Bxd4 29. cxd4 Rxd4 30. h6 g6 31. Qf3 Rxd1+ 32. Rxd1 c5 33. Rd7 Qe6 34. Qd3 Kf8 35. Ka1 Qe5 36. Qxb5 Qxe4 37. Qxc5+ Kg8 38. Qc3 Qe1+ 39. Ka2 Qxc3 40. bxc3 Kf8 41. Kb3 1-0